000 01152nam a2200373 b 4500
001 0000622
003 DO-SdBNP
005 20171110093530.0
007 0000622
008 050617 2011 sp spa
017 _a
_b
020 _a0905214889
035 _a
040 _aBPMSU
_bspa
_cBPMSU
_e
082 4 _a636.08951
_bV123f, 2008
240 0 0 _aBSAVA small animal formulary /
245 0 0 _aVademécum farmacológico de pequeños animales y exóticos
_bmanual de formulación /
_h
_cedición Bryn Tennant ; traducción Ester Bach i Raich
250 _a5a. ed.
260 0 _aBarcelona :
_bEdiciones S,
_c2011.
300 _a426 p. :
_c24 cm
490 1 _aBsava
500 _aIncluye índice.
500 _aIncluye índice según la función terapéutica.
650 4 _aFARMACOLOGÍA VETERINARIA
650 4 _aDROGAS VETERINARIAS
650 4 _aPATOLOGÍA VETERINARIA
700 1 2 _aTennant, Bryn
_eed.
700 1 2 _aBach i Raich, Ester
_etrad.
830 0 _aBsava
910 _aValidado. Control de calidad MFF
942 _2ddc
_cBK
945 _aInvetariado extranjero / 2017 VM
956 _aYLOCKWARD
_b10
_dBPMSU
_f00144
999 _c11216
_d11216